Statistics for WWE - Rusev's PPV Opponents

Click here to take the quiz!

General Stats

  • This quiz has been taken 286 times
  • The average score is 51 of 69

Answer Stats

YearEventMatch TypeAnswer% Correct
2015Payback"I Quit" MatchJohn Cena
95%
2015FastlaneJohn Cena
95%
2015Extreme RulesRussian Chain MatchJohn Cena
95%
2017BattlegroundFlag MatchJohn Cena
95%
2014Survivor Series5 vs. 5 Elimination MatchJohn Cena
95%
2015WrestleMania 31John Cena
95%
2018Hell in a Cell (Kick-Off Show)Tag Team MatchKofi Kingston
89%
2017Clash of Champions4-Team MatchKofi Kingston
89%
2016Hell in a CellHell in a Cell MatchRoman Reigns
89%
2016Clash of ChampionsRoman Reigns
89%
2016SummerSlamRoman Reigns
89%
2019Fastlane (Kick-Off Show)Tag Team MatchXavier Woods
89%
2018Hell in a Cell (Kick-Off Show)Tag Team MatchBig E
88%
2017Clash of Champions4-Team MatchBig E
88%
2015Night of ChampionsDolph Ziggler
88%
2015Hell in a Cell (Kick-Off Show)6-Man Tag Team MatchDolph Ziggler
88%
2015SummerSlamDolph Ziggler
88%
2014Survivor Series5 vs. 5 Elimination MatchDolph Ziggler
88%
2017FastlaneThe Big Show
88%
2014Survivor Series5 vs. 5 Elimination MatchThe Big Show
88%
2014Hell in a CellThe Big Show
88%
2019Fastlane (Kick-Off Show)Tag Team MatchBig E
86%
2017SummerSlamRandy Orton
86%
2019Crown Jewel10-Man Tag Team MatchRandy Orton
86%
2018WrestleMania 34Fatal 4-Way MatchRandy Orton
86%
2017Hell in a CellRandy Orton
86%
2016WrestleMania 326-Man Tag Team MatchXavier Woods
86%
2019WrestleMania 354-Team MatchCesaro
85%
2016WrestleMania 326-Man Tag Team MatchKofi Kingston
85%
2019WrestleMania 354-Team MatchSheamus
85%
2016WrestleMania 326-Man Tag Team MatchBig E
84%
2014Survivor Series5 vs. 5 Elimination MatchErick Rowan
81%
2015TLCRyback
79%
2014Survivor Series5 vs. 5 Elimination MatchRyback
79%
2017Clash of Champions4-Team MatchJey Uso
78%
2019WrestleMania 354-Team MatchJey Uso
78%
2019WrestleMania 354-Team MatchJimmy Uso
78%
2017Clash of Champions4-Team MatchJimmy Uso
78%
2014SummerSlamFlag MatchJack Swagger
77%
2014BattlegroundJack Swagger
77%
2014TLCJack Swagger
77%
2014Extreme Rules2-on-1 Handicap MatchXavier Woods
74%
2015Hell in a Cell (Kick-Off Show)6-Man Tag Team MatchCesaro
73%
2018WrestleMania 34Fatal 4-Way MatchJinder Mahal
73%
2014Money in the BankBig E
71%
2014PaybackBig E
71%
2019Crown Jewel10-Man Tag Team MatchBobby Lashley
66%
2019TLCTables MatchBobby Lashley
66%
2018WrestleMania 34Fatal 4-Way MatchBobby Roode
65%
2014Night of ChampionsMark Henry
64%
2014Extreme Rules2-on-1 Handicap MatchR-Truth
64%
2018FastlaneShinsuke Nakamura
63%
2018Crown Jewel (Kick-Off Show)Shinsuke Nakamura
63%
2019Royal Rumble (Kick-Off Show)Shinsuke Nakamura
63%
2019Crown Jewel10-Man Tag Team MatchShinsuke Nakamura
63%
2016Extreme RulesKalisto
61%
2018Extreme RulesAJ Styles
59%
2019Crown Jewel10-Man Tag Team MatchDrew McIntyre
53%
2019Crown Jewel10-Man Tag Team MatchKing Corbin
51%
2016BattlegroundZack Ryder
49%
2019WrestleMania 354-Team MatchRicochet
46%
2019WrestleMania 354-Team MatchAleister Black
43%
2017Clash of Champions4-Team MatchChad Gable
43%
2016Money in the BankTitus O'Neil
42%
2017Clash of Champions4-Team MatchShelton Benjamin
36%
2015Hell in a Cell (Kick-Off Show)6-Man Tag Team MatchNeville
35%
2016Roadblock: End of the Line (Kick-Off Show)Big Cass
33%
2018SummerSlam (Kick-Off Show)Mixed Tag Team MatchAndrade
32%
2018SummerSlam (Kick-Off Show)Mixed Tag Team MatchZelina Vega
26%

Score Distribution

Percentile by Number Answered

Percent of People with Each Score

Your Score History

You have not taken this quiz